[Event "Asia-ch U18"]
[Site "Tagaytay City"]
[Date "2024.10.14"]
[Round "3"]
[White "Romualdez, Davin Sean"]
[Black "Del Mundo, Zeyus Kyle"]
[Result "1-0"]
[WhiteElo "1939"]
[BlackElo "1546"]
[PlyCount "91"]
[EventDate "2024.10.13"]
[EventType "swiss"]
[EventRounds "9"]
[EventCountry "PHI"]
[SourceTitle "CB43_2024"]
[Source "Chessbase"]
[SourceDate "2024.10.23"]
[SourceVersion "1"]
[SourceVersionDate "2024.10.23"]
[SourceQuality "1"]

1. d4 d5 2. Nf3 Nf6 3. Bf4 e6 4. e3 c5 5. Nbd2 Nc6 6. c3 Bd6 7. Bg3 0-0 8. Bd3 b6 9. e4 dxe4 10. Nxe4 Bxg3 11. hxg3 h6 12. dxc5 bxc5 13. Qe2 Nd5 14. Nxc5 Qb6 15. Nb3 Bb7 16. 0-0 Rfd8 17. Rfd1 a6 18. Rac1 Rac8 19. Ne5 Nf6 20. Nc4 Qa7 21. Bb1 Ne7 22. Nd6 Rb8 23. Nxb7 Rxd1+ 24. Rxd1 Qxb7 25. Bd3 Qb6 26. Nd4 h5 27. Nf3 Nc6 28. Rd2 Ng4 29. Be4 Ne7 30. b3 a5 31. Rd7 Qc5 32. Qd2 g6 33. Rd8+ Rxd8 34. Qxd8+ Kh7 35. Qd2 Qa3 36. b4 axb4 37. cxb4 Qa7 38. b5 Qb6 39. a4 Nf5 40. Bxf5 exf5 41. Qa2 Qc7 42. Ng5+ Kh6 43. Qd2 Kg7 44. Qb2+ Kg8 45. b6 Qd8 46. Qh8+ 1-0

[Event "Quezon City Neri op 1st"]
[Site "Quezon City"]
[Date "2024.08.26"]
[Round "5"]
[White "Romualdez, Davin Sean"]
[Black "Mirano, Kevin"]
[Result "0-1"]
[WhiteElo "1858"]
[BlackElo "2076"]
[PlyCount "98"]
[EventDate "2024.08.25"]
[EventType "swiss"]
[EventRounds "6"]
[EventCountry "PHI"]
[SourceTitle "CBM 221 Extra"]
[Source "ChessBase"]
[SourceDate "2024.09.30"]
[SourceVersion "1"]
[SourceVersionDate "2024.09.30"]
[SourceQuality "1"]

1. d4 d5 2. Nf3 Nf6 3. Bf4 c5 4. e3 Qb6 5. Nbd2 cxd4 6. exd4 Nc6 7. Nb3 a5 8. a4 Bg4 9. Bb5 e6 10. h3 Bh5 11. g4 Bg6 12. Ne5 Nd7 13. Bxc6 bxc6 14. Nxd7 Kxd7 15. 0-0 Be7 16. Rc1 Qb4 17. c3 Qc4 18. Nd2 Qd3 19. Qb3 Rhc8 20. Qb7+ Ke8 21. c4 Qxd4 22. Be3 Qe5 23. cxd5 Rab8 24. Qa7 cxd5 25. Qxa5 Qxb2 26. Rxc8+ Rxc8 27. Qa6 Qc2 28. Qb5+ Qc6 29. Rc1 Qxb5 30. Rxc8+ Kd7 31. axb5 Kxc8 32. Nb3 e5 33. f4 f6 34. Na5 Be8 35. fxe5 fxe5 36. b6 Bb4 37. b7+ Kb8 38. Bb6 Bxa5 39. Bxa5 Kxb7 40. Kf2 Kc6 41. Ke3 d4+ 42. Ke4 Kd6 43. Bb4+ Ke6 44. Bf8 Bc6+ 45. Kd3 g6 46. Kc4 Bg2 47. h4 Bf1+ 48. Kc5 Bh3 49. g5 d3 0-1

[Event "Bangkok Big Rook op 4th"]
[Site "Bangkok"]
[Date "2024.05.02"]
[Round "4"]
[White "Habla, Jony"]
[Black "Romualdez, Davin Sean"]
[Result "1/2-1/2"]
[WhiteElo "2210"]
[BlackElo "1807"]
[PlyCount "95"]
[EventDate "2024.05.01"]
[EventType "swiss"]
[EventRounds "9"]
[EventCountry "THA"]
[SourceTitle "CBM 220 Extra"]
[Source "ChessBase"]
[SourceDate "2024.07.31"]
[SourceVersion "1"]
[SourceVersionDate "2024.07.31"]
[SourceQuality "1"]

1. d4 Nf6 2. c4 g6 3. Nc3 Bg7 4. e4 d6 5. Bd3 e5 6. d5 a5 7. h3 Na6 8. Be3 0-0 9. g4 Nd7 10. Nge2 Ndc5 11. Bc2 Rb8 12. Ng3 Bd7 13. Nb5 Rc8 14. h4 Qe8 15. a4 Nb4 16. Bb1 b6 17. h5 f6 18. hxg6 hxg6 19. Ra3 g5 20. Bxc5 bxc5 21. Nf5 Bxf5 22. gxf5 Kf7 23. Rah3 Ke7 24. Bd3 Kd7 25. Be2 Qe7 26. Bh5 Rh8 27. Kd2 Rcg8 28. Kc3 Kc8 29. Bg6 Rxh3+ 30. Rxh3 Rh8 31. Rxh8+ Bxh8 32. Qh5 Bg7 33. f3 Qf8 34. Be8 Kd8 35. Bc6 Bh6 36. Qg6 Bg7 37. Na7 Ke7 38. Bb7 Qh8 39. Nb5 g4 40. Qxg4 Qh6 41. Qg1 Kd8 42. Bc6 Qf4 43. Kb3 Qd2 44. Qxg7 Qd1+ 45. Ka3 Nc2+ 46. Ka2 Nb4+ 47. Ka3 Nc2+ 48. Ka2 1/2-1/2